000
00254nam a22001217a 4500
999
_c
533693
_d
533693
020
_a
0816535876
040
_c
MSOHAIL
082
_a
382.4568741
100
_a
Tom Miller
_9
27654
245
_a
The Panama Hat Trail
300
_a
270,p;
942
_2
ddc
_c
BK